LEADER 00736nam0-22002651i-450- 001 990003339160403321 005 20031201152503.0 035 $a000333916 035 $aFED01000333916 035 $a(Aleph)000333916FED01 035 $a000333916 100 $a20030910d1986----km-y0itay50------ba 101 0 $aeng 105 $ay-------001yy 200 1 $aKipling and "orientalism"$fB.J. Moore Gilbert 210 $aLondon ; Sydney$cCroom Helm$d1986 676 $a823.8 700 1$aMoore-Gilbert,$bBart J.$f<1952- >$0320218 801 0$aIT$bUNINA$gRICA$2UNIMARC 901 $aBK 912 $a990003339160403321 952 $a823.8 MOO$bLINGUE 379$fDECLI 959 $aDECLI 996 $aKipling and "orientalism"$9442496 997 $aUNINA